000 00304nam a22001337a 4500
008 171107b xxu||||| |||| 00| 0 eng d
020 _a9788131716564
041 _aeng
080 _25 ED
_a330.722.6
100 _a62
101 _aKOT
245 _aMANAGEMENT ACCOUTING
_cKUMAR.G.A
942 _2udc
_cBK
999 _c38102
_d38102